000 00299nam a2200121Ia 4500
999 _c6420
_d6420
020 _a1861526792
020 _a9781861526793
100 _aChristopher Barnatt
245 0 _aManagement Strategy and Information Technology
260 _aLondon
_bPrentice Hall Inc.
_c1996
300 _a224
942 _cBK